Science Quiz

Random Science or Clickable Quiz
Score 0/24 Timer 07:00
2 Plays Today
% Correct
Pluto
81.3%
Saturn
80.9%
Voyager 1
80.3%
Halley
79.6%
Earth
78.5%
Jupiter
74.9%
Sun
72.6%
Mars
65.5%
Mercury
63.7%
Venus
57.6%
Moon
56.1%
Uranus
50.3%
% Correct
Charon
47.5%
Titania
47.3%
Ceres
40.3%
Neptune
37%
Triton
36.3%
Europa
35%
Ganymede
34%
Titan
33.4%
Io
30.6%
Oberon
29.4%
Eris
28.5%
Callisto
22.5%
Remove Ads.
Support Sporcle.
Get the best of Sporcle when you Go Orange. This ad-free experience offers more features, more stats, and more fun while also helping to support Sporcle. Thank you for becoming a member.

You're not logged in!

Compare scores with friends on all Sporcle quizzes.
OR
Log In

Show Comments

Extras

Top Quizzes Today


Score Distribution

Your Account Isn't Verified!

In order to create a playlist on Sporcle, you need to verify the email address you used during registration. Go to your Sporcle Settings to finish the process.

Report this User

Report this user for behavior that violates our Community Guidelines.

Details: